Statistiques concernant Intercommunalité de l'Aisne

Cliquez ici pour prendre le quiz!

Statistiques générales

  • Ce quiz a été pris 9 fois
  • Le résultat moyen est 5 sur 19

Statistiques - réponses

Nombres de communesIntercommunalités% Correct
39Communauté d'Agglomération du Saint-Quentinois
100%
38Communauté d'Agglomération du Pays de Laon
89%
27Grand Soissons Agglomération
89%
87Communauté d'Agglomération de la Région de Château-Thierry
78%
48Communauté d'Agglomération Chauny-Tergnier-La-Fère
33%
36Communauté de Communes Thiérache Sambre et Oise
22%
46Communauté de Communes de la Champagne Picarde
11%
42Communauté de Communes du Pays de la Serre
11%
54Communauté de Communes du Pays du Vermandois
11%
54Communauté de Communes Retz-en-Valois
11%
68Communauté de Communes de la Thiérache du Centre
0%
30Communauté de Communes des Portes de la Thiérache
0%
26Communauté de Communes des Trois Rivières
0%
21Communauté de Communes du canton de Charly-sur-Marne
0%
26Communauté de Communes du canton d'Oulchy-le-Château
0%
30Communauté de Communes du Chemin des Dames
0%
57Communauté de Communes du Val de l'Aisne
0%
32Communauté de Communes du Val de l'Oise
0%
36Communauté de Communes Picardie des Châteaux
0%

Distribution des résultats

Percentile par nombre de réponses

% des personnes avec chaque résultat

Votre développement - résultats

Vous n’avez pas pris ce quiz